000 00436cam a22001337a 4500
008 180718b1999 xxu||||| |||| 00| 0 eng d
082 _aA81x54 91/21/9 A
100 _aCensus of India 1991
245 _aRajasthan: town directory
260 _aDelhi
_bThe Controller of Publications
_c1999
300 _a402+p.
440 _aCensus of India 1991. Series-21, Rajasthan. Part IX-A
650 _aCities and towns - Census - India - Rajasthan
999 _c482085
_d482085